[Event "PHI-ch U12"]
[Site "San Antonio"]
[Date "2014.04.25"]
[Round "8"]
[White "Paler, Emanuel Van R"]
[Black "Pepito, Jeremy"]
[Result "1-0"]
[WhiteElo "1984"]
[BlackElo "1907"]
[PlyCount "122"]
[EventDate "2014.04.21"]
[EventType "swiss"]
[EventRounds "13"]
[EventCountry "PHI"]
[SourceTitle "CBM 160 Extra"]
[Source "ChessBase"]
[SourceDate "2014.07.01"]
[SourceVersion "1"]
[SourceVersionDate "2014.07.01"]
[SourceQuality "1"]

1. e4 e6 2. d4 d5 3. Nc3 Nf6 4. Bg5 Be7 5. e5 Nfd7 6. h4 a6 7. Qg4 f6 8. Be3 fxe5 9. Qxe6 exd4 10. Bxd4 Nf6 11. Qe3 0-0 12. Be2 Bb4 13. 0-0-0 Bxc3 14. Bxc3 Ne4 15. Bf3 Nxc3 16. Qxc3 c6 17. h5 Qg5+ 18. Kb1 Bg4 19. h6 Bxf3 20. Nxf3 Qf6 21. hxg7 Kxg7 22. Rd4 Nd7 23. Rg4+ Kh8 24. Rxh7+ Kxh7 25. Ng5+ Kg6 26. Ne4+ Kf5 27. Nxf6 Nxf6 28. Qf3+ Ke6 29. Rg6 Ke7 30. Rg7+ Ke6 31. Qh3+ Kd6 32. Qg3+ Ke6 33. Qg6 Rae8 34. b3 Re7 35. Rxe7+ Kxe7 36. Qg7+ Rf7 37. Qg5 Ke6 38. f3 Nd7 39. Qg6+ Rf6 40. Qg8+ Ke5 41. Qe8+ Kd6 42. Qc8 b5 43. Qg8 Rf8 44. Qg7 Rf6 45. Qg3+ Ke6 46. Qg4+ Kd6 47. Qg3+ Ke6 48. f4 Nc5 49. Qg4+ Kd6 50. Qg5 Ne4 51. Qe5+ Kd7 52. g4 Re6 53. Qg7+ Re7 54. Qf8 a5 55. g5 b4 56. g6 Nc3+ 57. Kc1 Re2 58. g7 Nxa2+ 59. Kb2 Nc3 60. g8Q Re1 61. Qgg7+ Ke6 1-0